Right to buy (Record no. 66816)

MARC details
000 -LEADER
fixed length control field 01125cam a2200205 4500
001 - CONTROL NUMBER
control field WB3716-17
008 - FIXED-LENGTH DATA ELEMENTS--GENERAL INFORMATION
fixed length control field 000000n2001 000 0 eng u
035 ## - SYSTEM CONTROL NUMBER
System control number (Sirsi) u112186
245 ## - TITLE STATEMENT
Title Right to buy
260 ## - PUBLICATION, DISTRIBUTION, ETC.
Date of publication, distribution, etc. 2001
490 ## - SERIES STATEMENT
Series statement Estates Gazette
Volume/sequential designation [2001] EGCS 52 (21/04/01)
520 ## - SUMMARY, ETC.
Summary, etc. "R (on the application of O'Byrne) v SoS Environment, Transport and the Regions and another", CA 5 April 2001. The applicant was a tenant of a flat owned by Croyden LBC and was seeking to exercise her right to buy the flat under provisions in the Housing Act 1985. The flat fell on green belt which meant it came under terms in the Green Belt (London and Home Counties) Act 1938 and required sale consent from the SoS. When the SoS refused consent, the applicant appealed contending that the right to buy provisions in the Housing Act impliedly repealed those in the 1938 Act. Held, appeal allowed.
590 ## - LOCAL NOTE (RLIN)
Local note WB
650 ## - SUBJECT ADDED ENTRY--TOPICAL TERM
Topical term or geographic name entry element GREEN BELT
650 ## - SUBJECT ADDED ENTRY--TOPICAL TERM
Topical term or geographic name entry element RIGHT TO BUY
650 ## - SUBJECT ADDED ENTRY--TOPICAL TERM
Topical term or geographic name entry element HOUSING ACT 1985
650 ## - SUBJECT ADDED ENTRY--TOPICAL TERM
Topical term or geographic name entry element O'BYRNE V SOS ENVIRONMENT
690 ## - LOCAL SUBJECT ADDED ENTRY--TOPICAL TERM (OCLC, RLIN)
Topical term or geographic name as entry element LANDLORD AND TENANT-RESIDENTIAL TENANCIES-CASE LAW
942 ## - ADDED ENTRY ELEMENTS (KOHA)
Suppress in OPAC 0
Holdings
Withdrawn status Lost status Source of classification or shelving scheme Damaged status Not for loan Home library Current library Shelving location Date acquired Total Checkouts Full call number Barcode Date last seen Copy number Price effective from Koha item type
    Dewey Decimal Classification     London London News article 26/04/2001   WB3716-17 112186-1001 06/08/2019 1 06/08/2019 Law report